书目信息 |
| 题名: |
家具与陈设
|
|
| 作者: | 郭谦 , 李春郁 主编 | |
| 分册: | ||
| 出版信息: | 北京 中国水利水电出版社 2007.09 |
|
| 页数: | 129页 | |
| 开本: | 29cm | |
| 丛书名: | ||
| 单 册: | ||
| 中图分类: | TS664.01 | |
| 科图分类: | ||
| 主题词: | 家具--jia ju--设计--高等学校--教材 , 家具--jia ju--室内布置--高等学校--教材 | |
| 电子资源: | ||
| ISBN: | 978-7-5084-4475-8 | |
| 000 | 00892nam0 2200253 450 | |
| 001 | 012007823771 | |
| 005 | 20181213143302.27 | |
| 010 | @a978-7-5084-4475-8@dCNY22.00 | |
| 100 | @a20070924d2007 km y0chiy0120 ea | |
| 101 | 0 | @achi |
| 102 | @aCN@b110000 | |
| 105 | @aa a 000yy | |
| 200 | 1 | @a家具与陈设@Ajia ju yu chen she@e环艺专业@f郭谦, 李春郁主编@Fguo qian,li chun yu zhu bian |
| 210 | @a北京@c中国水利水电出版社@d2007.09 | |
| 215 | @a129页@c图@d29cm | |
| 320 | @a有书目 (第129页)。 | |
| 330 | @a本书主要阐述了中式家具设计及陈设,外国家具设计及室内陈设,家具设计基础,家具的色彩与涂饰,以及家具陈设的新观念。 | |
| 606 | 0 | @a家具@Ajia ju@x设计@x高等学校@j教材 |
| 606 | 0 | @a家具@Ajia ju@x室内布置@x高等学校@j教材 |
| 690 | @aTS664.01@v4 | |
| 701 | 0 | @a郭谦@Aguo qian@4主编 |
| 701 | 0 | @a李春郁@Ali chun yu@4主编 |
| 801 | 0 | @aCN@c20071106 |
| 905 | @b264121-22@dTS664.01@eG825@f2 | |
| 家具与陈设:环艺专业/郭谦, 李春郁主编.-北京:中国水利水电出版社,2007.09 |
| 129页:图;29cm |
| ISBN 978-7-5084-4475-8:CNY22.00 |
| 本书主要阐述了中式家具设计及陈设,外国家具设计及室内陈设,家具设计基础,家具的色彩与涂饰,以及家具陈设的新观念。 |
| ● |
| 相关链接 |
|
|
|
正题名:家具与陈设
索取号:TS664.01/G825
 
预约/预借
| 序号 | 登录号 | 条形码 | 馆藏地/架位号 | 状态 | 备注 |
| 1 | 1282435 | 212824354 | 自科库501/501自科库 42排6列5层/ [索取号:TS664.01/G825] | 在馆 | |
| 2 | 264121 | 202641212 | 自科库501/501自科库 42排6列5层/ [索取号:TS664.01/G825] | 在馆 | |
| 3 | 264122 | 202641221 | 期刊室512/501自科库 42排6列5层/ [索取号:TS664.01/G825] | 在馆 |